| 000 | 00588pam a2200169 a 4500 | ||
|---|---|---|---|
| 020 | _a0517561352 | ||
| 082 | 0 | 0 |
_a658.0092 _bERN |
| 245 | 0 | 4 |
_aThe Manager's handbook : _bthe practical guide to successful management / _c[compiled by] Arthur Young. |
| 250 | _aSpecial American ed. | ||
| 260 |
_aNew York : _bCrown Publishers, _cc1986. |
||
| 300 |
_a224 p. : _bill. (some col.) ; _c22 cm. |
||
| 500 | _aIncludes index. | ||
| 526 |
_a0 _b0 _c0 _d658_009200000000000_ERN |
||
| 650 | 0 |
_aManagement _xHandbooks, manuals, etc. _944542 |
|
| 710 | 2 |
_aArthur Young & Company. _944543 |
|
| 942 |
_2ddc _cBK |
||
| 999 |
_c548313 _d548313 |
||